[Event "Vaxjo op"]
[Site "Vaxjo"]
[Date "2018.02.09"]
[Round "1"]
[White "Nielsen, Tim"]
[Black "Nilsson, Anders1111"]
[Result "1/2-1/2"]
[WhiteElo "1789"]
[BlackElo "2197"]
[PlyCount "24"]
[EventDate "2018.02.09"]
[EventType "swiss"]
[EventRounds "8"]
[EventCountry "SWE"]
[SourceTitle "CBM 182 Extra"]
[Source "ChessBase"]
[SourceDate "2018.02.23"]
[SourceVersion "1"]
[SourceVersionDate "2018.02.23"]
[SourceQuality "1"]

1. e4 c6 2. d4 g6 3. Bc4 d5 4. exd5 cxd5 5. Bb5+ Bd7 6. Bxd7+ Qxd7 7. Nf3 Nc6 8. 0-0 Bg7 9. c3 Nh6 10. Re1 f6 11. Bf4 0-0 12. Nbd2 Rae8 1/2-1/2